000 00872nam2a2200241 4500
001 RU\NLR\bibl\1455956
005 20250615233303.0
035 _a(NLR-PROSOFT19V)rc\1426005
035 _a(NLR Aleph) 001447757
090 _a1503517
_c1503517
100 _a20060620d1843 |||y0rusy50 ca
101 0 _arus
102 _aRU
105 _ay z |||||
200 0 _aВып. 4
215 _a200, IV с.
325 1 _aМикрофильм РНБ Репроцентр Санкт-Петербург, 2009. Шифр: Мф К1/35750-4
461 0 _1001RU\NLR\bibl\1455947
_12001#$aСобрание анекдотов, повестей и разных приключений, извлеченных из периодических изданий$vВып. 4
801 0 _aRU
_bNLR
_c20060620
801 1 _aRU
_bNLR
_c20091222
852 _aNLR
_j18.264.2.17
942 _cBOOK
980 _aNB